000 00514nam a22001817a 4500
005 20130822143954.0
010 _aENG-107882
020 _c299.00
_a9788184001730
035 _aEN-91415
037 _bDBAD/PUB
082 _aN
100 _aHanif , Mohammed
245 0 0 _aOur lady of Alice Bhatti /
_cby Hanif Mohammed
260 _aNoida
_bRandom House Publishers
_c2012
270 _aWindsor IT Park, 7th Floor, Tower-B, A-1, Sec-125
_bNoida
_e201301
300 _a339p.
_c20cm(pbk)
942 _2ddc
_cEN
_mHAN
_hN
999 _c77292
_d77292